000 00655cam a2200157 4500500
005 20260201101739.0
041 _afre
042 _adc
100 1 0 _aWeydert, Jean
_eauthor
245 0 0 _aZaki Laïdi, La norme sans la force, l’énigme de la puissance européenne, Les Presses de Sciences Po, coll. Nouveaux débats, 2005, 160 p., 8 €
260 _c2006.
500 _a22
520 _aResumé Le rôle irremplaçable de l’écrit pour former une opinion publique.
786 0 _nRevue Projet | 290 | 1 | 2006-01-01 | p. 091j-094j | 0033-0884
856 4 1 _uhttps://shs.cairn.info/revue-projet-2006-1-page-091j?lang=fr&redirect-ssocas=7080
999 _c1641006
_d1641006